Statistics for World City Chain Game

Click here to take the quiz!

General Stats

  • This quiz has been taken 49 times
    (29 since last reset)
  • The average score is 14 of 20

Answer Stats

USA New York % Correct
TurkeyIstanbul
96%
MexicoMexico City
91%
PakistanIslamabad
87%
PakistanKarachi
87%
United Arab EmiratesAbu Dhabi
87%
GreeceAthens
83%
NetherlandsAmsterdam
83%
CubaHavana
78%
ItalyNaples
74%
SwitzerlandGeneva
74%
EgyptAlexandria
70%
RussiaSaint Petersburg
70%
ZambiaLusaka
70%
Costa RicaSan Jose
61%
TanzaniaDar es Salaam
61%
CameroonYaounde
61%
United KingdomEdinburgh
57%
ColombiaMedellin
43%
USAEl Paso
26%
SudanOmdurman
17%

Score Distribution

Percentile by Number Answered

Percent of People with Each Score

Your Score History

You have not taken this quiz since the last reset